00742nam a2200181Ia 4500008004100000041001200041082001700053100001500070245005200085260003800137300000800175650001700183700001700200942000700217999001500224952016100239952016000400221030s9999 xx 000 0 und d aEnglish a105.23bJain aM. K. Jain 0aOrganic Chemistrycby M. K. Jain , S. C. Sharma bShoban Lal NaginaJalandharc2003 a307 aBB Chemistry aS. C. Sharma cBK c1266d1266 pBB 46g260.00l0o105.23 Jainr2025-05-17 00:00:00w2022-10-30yBK003Print4070aMIETLIBbMIETLIBcBL-Second, FL-1, CUP-101, SH-4, R-4d2003-06-1910HBB pBB 47g260.00l0o105.23 Jair2025-05-17 00:00:00w2022-10-30yBK003Print4070aMIETLIBbMIETLIBcBL-Second, FL-1, CUP-101, SH-4, R-4d2003-06-1910HBB